|
|
|
|
| LEADER |
00000cam a2200000 7i4500 |
| 001 |
0000000119 |
| 005 |
20000704.0 |
| 020 |
0 |
0 |
|a 9679933601
|
| 090 |
0 |
0 |
|a 352.66909595
|b SYE 1999
|
| 100 |
0 |
0 |
|a SYED Zulflida Syed Mohd. Noor
|
| 245 |
1 |
0 |
|a Rempah ratus INTAN :
|b Koleksi pojok Tok Perak
|c Syed Zulflida S.M. Noor
|
| 260 |
0 |
0 |
|a Kuala Lumpur :
|b INTAN ,
|c 1999
|
| 300 |
|
|
|a xxiii, 368 p. :
|b ill. ;
|c 21 cm.
|
| 650 |
0 |
0 |
|a Syed Zulflida Syed Mohd. Noor
|x Authorship
|
| 710 |
1 |
1 |
|a Institut Tadbiran Awam Negara (INTAN)
|
| 710 |
1 |
1 |
|a Institut Tadbiran Awam Negara
|x Publishing
|
| 999 |
|
|
|a 0000001322
|b Monograph
|c Open Shelf
|e Default branch
|